Actualización estado de la investigación en biodiversidad y de la cooperación científica y técnica en Colombia 2003 (Registro nro. 3676)

Detalles MARC
000 -CABECERA
Campo de control 00959nam a2200253 a 4500
005 - FECHA Y HORA DE LA ULTIMA TRANSACCION
Campo de control 20180907162925.0
008 - ELEMENTOS DE LONGITUD FIJA—INFORMACION GENERAL
Campo de control 140121b2003 ck ||||| |||| 00| 0 spa d
041 ## - IDIOMA
Código de idioma para texto/pista de sonido o título separado Español
044 ## - PAÍS DE PUBLICACIÓN
País de publicación Colombia
090 ## - CLASIFICACIÓN LOCAL
Colección IAVH
Consecutivo 00151
110 ## - ASIENTO PRINCIPAL--NOMBRE CORPORATIVO
Nombre corporativo o de jurisdicción como elemento de entrada Instituto de Investigación de Recursos Biológicos Alexander von Humboldt
Unidad subordinad Instituto de Investigación de Recursos Biológicos Alexander von Humboldt
245 ## - MENCION DE TITULO
Título Actualización estado de la investigación en biodiversidad y de la cooperación científica y técnica en Colombia 2003
260 ## - PUBLICACION, DISTRIBUCION, ETC. (PIE DE IMPRENTA)
Lugar de publicación, distribución, etc. Bogotá
Nombre del editor, distribuidor, etc. Instituto Alexander von Humboldt
-- GTZ
Fecha de publicación, distribución, etc. 2003
300 ## - DESCRIPCION FISICA
Extensión 30 p.
650 ## - ASIENTO SECUNDARIO DE MATERIA - TERMINO TEMATICO
Término temático o nombre geográfico como elemento de entrada Investigación científica
650 ## - ASIENTO SECUNDARIO DE MATERIA - TERMINO TEMATICO
Término temático o nombre geográfico como elemento de entrada Cooperación científica
650 ## - ASIENTO SECUNDARIO DE MATERIA - TERMINO TEMATICO
Término temático o nombre geográfico como elemento de entrada Sistemas de información
662 ## - ASIENTO SECUNDARIO DE MATERIA - JERARQUIA DEL NOMBRE DE LUGAR(
País o entidad mayor Colombia
650 ## - ASIENTO SECUNDARIO DE MATERIA - TERMINO TEMATICO
Término temático o nombre geográfico como elemento de entrada Cooperación internacional
700 ## - ASIENTO SECUNDARIO - NOMBRE PERSONAL
Nombre personal Krieger, Katharina
700 ## - ASIENTO SECUNDARIO - NOMBRE PERSONAL
Nombre personal Osorio, Juan Esteban
942 ## - ELEMENTOS ADICIONALES (KOHA)
Tipo de ítem CD-ROM
Sistema de clasificación Local
Koha issues (borrowed), all copies 3
945 ## - PROCESAMIENTO LOCAL
AAAA-MM-DD - Fecha de ingreso o modificacion 2004-02-03
Existencias
Withdrawn status Lost status Sistema de Clasificación Damaged status No para préstamo Colección Inventariado Ubicación Permanente Ubicación actual Fecha de adquisición Fuente de Valor Valor Total Checkouts Número topográfico Inventario / Código de Barras Date last seen Ejemplar Price effective from Forma de adquisición Tipo de material Date checked out
    Dewey Decimal Classification     Humboldt Inventariado 2017 Bogotá Bogotá 03/02/2004 Instituto 30000.00   IAVH-333.95 K92a 018131 04/12/2012 Ej. 1 04/12/2012 Institucional Libro  
    Dewey Decimal Classification     Humboldt Inventariado 2017 Bogotá Bogotá 03/02/2004 Instituto 30000.00   IAVH-333.95 K92a 018132 04/12/2012 Ej. 2 04/12/2012 Institucional Libro  
    Dewey Decimal Classification     Humboldt Inventariado 2017 Bogotá Bogotá 03/02/2004 Instituto 30000.00 2 IAVH-333.95 K92a 018133 21/07/2015 Ej. 3 04/12/2012 Institucional Libro 21/07/2015
    Local     Audiovisual   Bogotá Bogotá 19/12/2013       IAVH-00151 059395 19/12/2013 Ej. 4 19/12/2013   CD-ROM  
    Dewey Decimal Classification     Humboldt Inventariado 2017 Sala Fabio Quevedo Sala Fabio Quevedo 18/07/2014 Instituto 30000.00 1 IAVH-333.95 K92a 015413 04/09/2014 Ej. 6 04/12/2012   Libro 03/09/2014
    Dewey Decimal Classification     Humboldt Inventariado 2017 Sala Fabio Quevedo Sala Fabio Quevedo 18/07/2014 Instituto 30000.00   IAVH-333.95 K92a 015412 04/12/2012 Ej. 5 04/12/2012   Libro  
    Local     Humboldt Inventariado 2017 Villa de Leyva Villa de Leyva 03/02/2004 Instituto 30000.00   IAVH-00151 015414 04/12/2012 Ej. 1 04/12/2012   Libro